Bytová výstavba na Slovensku /

Hlavní autor: Zeman, Ján, 1926-
Další autoři: Jankovich, Imrich, 1928-, Lichner, Ján
Jazyk: Slovenština
Vydáno: Bratislava : Alfa, 1991
Vydání: 1. vyd.
Témata:
Fyzický popis: 300 s.:; il.
Knihy
Uloženo v:
LEADER 00942nam a22002892a 4500
001 000885434
003 CZ BrMZK
005 20080211084632.0
007 ta
008 080211s1991 xo er|||||||||||slo d
040 |a ABA001  |b cze  |c ABA001  |d ABA001 
080 9 |a 72.011 
080 9 |a 332.82 
100 1 |a Zeman, Ján,  |d 1926-  |7 mzk2010473990  |4 aut 
245 1 0 |a Bytová výstavba na Slovensku /  |c Ján Zeman, Imrich Jankovich a Ján Lichner 
250 |a 1. vyd. 
260 |a Bratislava :  |b Alfa,  |c 1991 
300 |a 300 s.:;  |b il. 
504 |a Obsahuje bibliografii 
550 |a Vydavatel: Ministerstvo výstavby a stavebníctva SR 
700 1 |a Jankovich, Imrich,  |d 1928-  |7 xx0056032  |4 aut 
700 1 |a Lichner, Ján  |4 aut 
910 |a BOA001  |b 4-0966.240 
964 |a Bytová výstavba - Slovensko - dějiny 
990 |a BK 
991 |b 200801 
996 6 |b BC-551306  |c 4-0966.240  |l MZK  |r Sklad / do 1 hodiny  |n 0  |w 000885434  |u 000010  |a 1  |e BOA001  |j MZK50  |s P